000 00728nam a2200289Ia 4500
005 20260324122644.0
008 008 260324s9999 xx 000 0 eng d
020 _a9780203093894
037 _aEBOOK
040 _aCRL
040 _beng
040 _cCRL
041 _2eng
041 _aeng
084 _qCRL
100 _aNihal Perera; Wing-Shing Tang
_91167288
245 0 _aTransforming Asian Cities
245 0 _bIntellectual impasse, Asianizing space, and emerging translocalities
260 _bTaylor and Francis
260 _c2012
365 _a
365 _b255
856 _uhttp://www.taylorfrancis.com/books/9780203093894
942 _cEBOOK
999 _c1760205
_d1760205